[Event "ch-UKR w u20"]
[Site "Kharkiv UKR"]
[Date "2005.04.27"]
[Round "9"]
[White "Ushenina,A"]
[Black "Zdebskaja,N"]
[Result "1/2-1/2"]
[WhiteElo "2350"]
[BlackElo "2344"]

1.d4 Nf6 2.c4 e6 3.Nf3 c5 4.d5 exd5 5.cxd5 d6 6.Nc3 g6 7.Nd2 Bg7 8.e4 O-O
9.Be2 Re8 10.O-O b6 11.Re1 Ba6 12.Bxa6 Nxa6 13.Nc4 Qd7 14.a4 Nb4 15.f3 Bf8
16.Bg5 Nh5 17.g4 h6 18.Be3 Nf6 19.Bf4 Red8 20.Qd2 Kh7 21.h3 Qb7 22.Bg3 Ne8
23.Na2 Nxa2 24.Rxa2 Qa6 25.b3 b5 26.axb5 Qxb5 27.Rb1 Rd7 28.Ra5 Qb7 29.b4 cxb4
30.Rxb4 Qc8 31.Bf2 Rc7 32.Qa2 Bg7 33.Qb3 Qd8 34.Ra6 Qg5 35.Kg2 Qc1 36.Be3 Qe1
37.Bf2 Qc1 38.Be3 Qe1 39.Bf2 Qc1 40.Be3  1/2-1/2

[Event "ch-UKR u20"]
[Site "Lviv UKR"]
[Date "2005.04.28"]
[Round "10"]
[White "Grinev,V"]
[Black "Vovk,Y"]
[Result "1/2-1/2"]
[WhiteElo "2222"]
[BlackElo "2434"]

1.d4 Nf6 2.c4 c5 3.d5 e6 4.Nc3 exd5 5.cxd5 d6 6.Nf3 g6 7.Nd2 Bg7 8.e4 O-O
9.Be2 Na6 10.O-O Nc7 11.a4 b6 12.Kh1 Re8 13.f3 Rb8 14.Qc2 Nfxd5 15.exd5 Bxc3
16.Qxc3 Nxd5 17.Qb3 Rxe2 18.Qxd5 Ba6 19.Rg1 Re5 20.Qb3 Qh4 21.h3 Rbe8 22.Ne4 Bc8
23.Qc2 Bf5 24.Qd2 d5 25.Qf4 Qd8 26.Ng3 Qd7 27.Bd2 f6 28.Rge1 g5 29.Qxf5 Rxf5
30.Rxe8+ Qxe8 31.Nxf5 Qe2 32.Bc3 d4 33.Nxd4 cxd4 34.Bxd4 Kf7 35.Kh2 Qd2 36.Bc3 Qf4+
37.Kh1 Qc4 38.Kh2 f5 39.Kh1 a5 40.Kh2 h5 41.Kh1 h4 42.Kh2 Kg6 43.Rd1 Qxa4
44.Rd6+ Kh5 45.Rxb6 Qf4+ 46.Kh1 a4 47.Ra6 g4 48.fxg4+ fxg4 49.Ra5+ Kg6 50.hxg4 Qxg4
51.Kh2 Kf7 52.Ra7+ Ke6 53.Ra5 Kd6 54.Kh1 Kc6 55.Ra8 Kb7 56.Rh8 Kc6 57.Rh6+ Kb5
58.Rh7 Kc4 59.Rc7+ Kd3 60.Be5 Qe4 61.Rc3+ Ke2 62.Bf6 Qf4 63.Rf3 Qh6 64.Bc3 Qg6
65.Kh2 Qg4 66.Kh1 Kd1 67.Rf1+ Kc2 68.Rf2+ Kb3 69.Rf3 Ka2 70.Kh2 Kb1 71.Rf1+ Kc2
72.Rf2+ Kd3 73.Rf3+ Ke2 74.Kh1 Qg6 75.Kh2 Qg4  1/2-1/2

[Event "SME Open"]
[Site "Ostrava CZE"]
[Date "2005.05.01"]
[Round "2"]
[White "Vesely,Ma"]
[Black "Sikora Lerch,J"]
[Result "0-1"]
[WhiteElo "2149"]
[BlackElo "2319"]

1.d4 c5 2.d5 Nf6 3.c4 e6 4.Nc3 exd5 5.cxd5 d6 6.Nf3 g6 7.Qa4+ Bd7 8.Qb3 Qc7
9.Bg5 Bg7 10.e4 O-O 11.Be2 b5 12.Bxf6 Bxf6 13.Nxb5 Qa5+ 14.Nc3 Na6 15.O-O Rab8
16.Qc2 Nc7 17.Nd2 Rxb2 18.Qxb2 Bxc3 19.Nc4 Bxb2 20.Nxa5 Bxa1 21.Rxa1 Rb8
22.Kf1 Kf8 23.Rd1 Ba4 24.Rc1 Ke7 25.Bd3 Rb2 26.Bc4 Nb5 27.Nc6+ Kd7 28.e5 Na3
29.Nxa7 dxe5 30.Bb3 Bxb3 31.axb3 Kd6 32.Ra1 Nc2 33.Rd1 Rxb3 34.Nc8+ Kd7 35.Na7 Nd4
36.g3 Kd6 37.Nc8+ Kxd5 38.Ne7+ Ke6 39.Ng8 c4  0-1

[Event "FSIM May"]
[Site "Budapest HUN"]
[Date "2005.05.07"]
[Round "1"]
[White "Chetverik,M"]
[Black "Niemi,K"]
[Result "1/2-1/2"]
[WhiteElo "2305"]
[BlackElo "2247"]

1.d4 Nf6 2.c4 c5 3.d5 e6 4.Nf3 exd5 5.cxd5 d6 6.Nc3 g6 7.Bg5 h6 8.Bh4 g5
9.Bg3 Nh5 10.e3 Nxg3 11.hxg3 Bg7 12.Bd3 a6 13.a4 Qe7 14.Qc2 Nd7 15.Bf5 Ne5
16.a5 Bxf5 17.Qxf5 Qd7 18.Qxd7+ Kxd7 19.Nxe5+ Bxe5 20.Na4 Rae8 21.Kd2 f5
22.f4 Bf6 23.Nb6+ Kc7 24.Nc4 gxf4 25.gxf4 h5 26.g3 Re4 27.Kd3 Re7 28.Rh3 Kd7
29.Rah1 Reh7 30.b3 Bd8 31.e4 fxe4+ 32.Kxe4 Re8+ 33.Kf3 Reh8 34.R3h2 Bf6 35.Re2 Be7
36.Re6 Rg8 37.Rh3 Rgh8 38.f5 Rf7 39.Ke4 h4 40.g4 Rg8 41.Kf3 Rfg7 42.Rxe7+ Rxe7
43.Rxh4 Re1 44.Rh7+ Re7 45.Rh6 Re1 46.Rxd6+ Kc7 47.Rh6 Rb1 48.Rb6 Rf1+ 49.Ke2 Rf4
50.Ne3 Rh8 51.Re6 Rh2+ 52.Kd3 Rd4+ 53.Kc3 Rh3 54.f6 Rxg4 55.Kd2 Rh2+ 56.Kd3 Rd4+
57.Kc3 Rf4 58.Re7+ Kd6 59.Rxb7 Rh3 60.Rb6+ Kd7 61.Re6 Rhf3 62.Kd2 Rxf6 63.Re4 Rh6
64.Ng4 Rh5 65.Ne5+ Rxe5 66.Rxe5 Rxb3 67.Re6 Rb4  1/2-1/2

[Event "Torch Real Estate Cup"]
[Site "Wuxi CHN"]
[Date "2005.05.08"]
[Round "7"]
[White "Nebolsina,V"]
[Black "Zhang Jilin"]
[Result "1/2-1/2"]
[WhiteElo "2302"]
[BlackElo "2336"]

1.d4 Nf6 2.Nf3 c5 3.d5 e6 4.c4 exd5 5.cxd5 d6 6.Nc3 g6 7.e4 Bg7 8.h3 O-O
9.Bd3 b5 10.Nxb5 Nxe4 11.Bxe4 Re8 12.O-O Rxe4 13.Ng5 Rb4 14.Qf3 Rxb5 15.Qxf7+ Kh8
16.Re1 Bd7 17.Re7 Qf8 18.Bd2 Qxf7 19.Nxf7+ Kg8 20.Rae1 Rb4 21.Nh6+ Bxh6 22.Bxh6 Rh4
23.Bg5 Rh5 24.f4 a5 25.g4 Rxg5 26.fxg5 a4 27.Rf1 a3 28.b3 Bb5 29.Rff7 c4
30.Rg7+ Kh8 31.Rxh7+ Kg8 32.Rhg7+ Kh8  1/2-1/2

[Event "Torch Real Estate Cup"]
[Site "Wuxi CHN"]
[Date "2005.05.11"]
[Round "10"]
[White "Li Wenliang"]
[Black "Wang Wenhao"]
[Result "1-0"]
[WhiteElo "2422"]
[BlackElo "2387"]

1.d4 Nf6 2.c4 e6 3.Nf3 c5 4.d5 exd5 5.cxd5 d6 6.Nc3 g6 7.h3 Bg7 8.e4 O-O
9.Bd3 b5 10.Nxb5 Nxe4 11.Bxe4 Re8 12.Ng5 h6 13.Ne6 fxe6 14.O-O e5 15.Bxg6 Rf8
16.Qh5 Nd7 17.Bxh6 Nf6 18.Qg5 Bxh6 19.Qxh6 a6 20.Nc3 Ra7 21.f4 Rg7 22.Rae1 c4
23.Kh1 e4 24.f5  1-0

[Event "62nd ch-GEO w"]
[Site "Tblisi GEO"]
[Date "2005.05.12"]
[Round "7"]
[White "Charkhalashvili,I"]
[Black "Gavasheli,A"]
[Result "1-0"]
[WhiteElo "2321"]
[BlackElo "2157"]

1.d4 Nf6 2.Nf3 e6 3.c4 c5 4.d5 exd5 5.cxd5 d6 6.Nc3 g6 7.e4 Bg7 8.Bd3 O-O
9.O-O Nbd7 10.Bf4 Ne8 11.Qd2 Ne5 12.Nxe5 dxe5 13.Bh6 Nd6 14.Bxg7 Kxg7 15.f4 exf4
16.e5 Nf5 17.Qxf4 Qb6 18.Rf2 Qb4 19.Re1 Qxf4 20.Rxf4 Re8 21.Nb5 Rd8 22.Nc7 Rb8
23.Bxf5 Bxf5 24.e6 fxe6 25.dxe6 Rdc8 26.e7 Rxc7 27.e8=Q Rxe8 28.Rxe8 h5 29.Kf2 Rd7
30.h3 Kf6 31.Rf3 Kg5 32.Rfe3 Rd2+ 33.Re2 Rd6 34.R8e7 Rb6 35.b3 a6 36.Rc7 Rb5
37.Re3 b6 38.Rc6 a5 39.Rd6 Rb4 40.Rc3 Rb5 41.Rc4 Bb1 42.Rd2 Bf5 43.Ke3 Be6
44.Re4 Bf5 45.Rf4 h4 46.Rd6 Kh5 47.Rd5 Kg5 48.Rg4+ Kf6 49.Rxh4 Ke6 50.Rd2 Ke5
51.Rc4 g5 52.h4  1-0

[Event "Open"]
[Site "Znojmo CZE"]
[Date "2005.05.16"]
[Round "2"]
[White "Tejkal,J"]
[Black "Lacina,A"]
[Result "0-1"]
[WhiteElo "2072"]
[BlackElo "2284"]

1.d4 Nf6 2.Nf3 e6 3.c4 c5 4.d5 d6 5.Nc3 exd5 6.cxd5 g6 7.e4 Bg7 8.Bd3 O-O
9.h3 b5 10.O-O b4 11.Nb1 a5 12.Qc2 Qb6 13.Nbd2 Ba6 14.Bc4 Nbd7 15.Re1 Rfe8
16.Rb1 a4 17.b3 axb3 18.axb3 Bb7 19.Bb2 Ra2 20.Ra1 Rxb2 21.Qxb2 Nxd5 22.Qc2 Bxa1
23.Rxa1 Nc3 24.Ng5 Ne5 25.f4 Nxc4 26.Nxc4 Qc6 27.e5 f6 28.Nf3 dxe5 29.fxe5 fxe5
30.Ncxe5 Qf6 31.Ng4 Ne2+ 32.Qxe2 Qxa1+ 33.Qf1 Qxf1+ 34.Kxf1 Bxf3 35.Nf6+ Kf7
36.Nxe8 Bxg2+  0-1

[Event "ch-UKR sf"]
[Site "Alushta UKR"]
[Date "2005.05.17"]
[Round "2"]
[White "Hatchatrian,S"]
[Black "Kononenko,Dmitry1"]
[Result "1/2-1/2"]
[WhiteElo "2308"]
[BlackElo "2437"]

1.d4 Nf6 2.Nf3 c5 3.d5 e6 4.c4 exd5 5.cxd5 d6 6.Nc3 g6 7.e4 a6 8.a4 Bg4 9.h3 Bxf3
10.Qxf3 Bg7 11.Bf4 O-O 12.Bc4 Nh5 13.Bh2 f5 14.exf5 Rxf5 15.Qe4 Be5 16.g4 Rf8
17.Bxe5 Re8 18.O-O Rxe5 19.Qf3 Nf6 20.Rae1 Nbd7 21.Qg3 Nh5  1/2-1/2

[Event "ch-UKR sf"]
[Site "Alushta UKR"]
[Date "2005.05.18"]
[Round "3"]
[White "Shmeliov,D"]
[Black "Stets,V"]
[Result "0-1"]
[WhiteElo "2244"]
[BlackElo "2400"]

1.d4 Nf6 2.c4 c5 3.d5 e6 4.Nc3 exd5 5.cxd5 d6 6.Nf3 g6 7.e4 Bg7 8.Bg5 h6
9.Bh4 O-O 10.Nd2 a6 11.a4 Nbd7 12.Be2 Re8 13.O-O g5 14.Bg3 Ne5 15.Qc2 b6
16.Rae1 Rb8 17.b3 Qc7 18.h3 Qe7 19.Rd1 Nfd7 20.Rfe1 Ng6 21.Nc4 Nde5 22.Ne3 Nf4
23.Nf5 Bxf5 24.exf5 b5 25.axb5 Nxe2+ 26.Rxe2 axb5 27.Rde1 Qd7 28.f4 gxf4
29.Bxf4 b4 30.Nd1 c4 31.Bxe5 cxb3 32.Qxb3 Rxe5 33.Rxe5 Bxe5 34.Ne3 Qa7 35.Kh1 Bc3
36.Re2 Re8 37.Qc4 Rxe3 38.Qg4+ Kh7 39.f6 Qa1+  0-1

[Event "Open"]
[Site "Znojmo CZE"]
[Date "2005.05.20"]
[Round "7"]
[White "Zaja,I"]
[Black "Lacina,A"]
[Result "1-0"]
[WhiteElo "2489"]
[BlackElo "2284"]

1.d4 Nf6 2.c4 e6 3.Nf3 c5 4.d5 d6 5.Nc3 exd5 6.cxd5 g6 7.Qa4+ Bd7 8.Qb3 Qc7
9.e4 a6 10.a4 Bg7 11.Bc4 O-O 12.O-O Bc8 13.h3 Nbd7 14.Bf4 Rb8 15.Rad1 Ne8
16.Rfe1 Ne5 17.Bxe5 dxe5 18.d6 Nxd6 19.Nd5 Qd8 20.Nb6 Qc7 21.Bd5 h6 22.Rc1 Kh7
23.a5 f5 24.Qe3 fxe4 25.Nd2 Qe7 26.Nxe4 Nxe4 27.Bxe4 Bf5 28.Qxc5 Qxc5 29.Rxc5 Rf7
30.Nc4 Bxe4 31.Rxe4 Rd8 32.f3 Rd4 33.Rxd4 exd4 34.Rd5 Re7 35.Kf2 Kg8 36.b3 Kf7
37.f4 h5 38.Kf3 h4 39.Ne5+ Bxe5 40.fxe5 Rc7 41.Ke4 Ke7 42.Rxd4 Rc2 43.Rb4 Rxg2
44.Rxb7+ Kf8 45.b4 Rg3 46.b5  1-0

[Event "Dueball mem"]
[Site "Solingen GER"]
[Date "2005.05.26"]
[Round "6"]
[White "Hecht,HJ"]
[Black "Pajeken,W"]
[Result "1/2-1/2"]
[WhiteElo "2384"]
[BlackElo "2361"]

1.d4 Nf6 2.c4 c5 3.d5 e6 4.Nc3 exd5 5.cxd5 d6 6.Nf3 g6 7.g3 Bg7 8.Bg2 O-O
9.O-O a6 10.a4 Nbd7 11.Bf4 Qc7 12.Rc1 Nh5 13.Bd2 Qd8 14.Rb1 c4 15.b4 Ne5
16.Qc2 Nxf3+ 17.Bxf3 b5 18.axb5 axb5 19.Ra1 Bh3 20.Rfb1 Qb8 21.Ra5 Bf5 22.e4  1/2-1/2

[Event "VII Open"]
[Site "Salou ESP"]
[Date "2005.05.27"]
[Round "8"]
[White "Lalic,B"]
[Black "Lacasa Diaz,J"]
[Result "1/2-1/2"]
[WhiteElo "2503"]
[BlackElo "2427"]

1.d4 Nf6 2.c4 e6 3.Nf3 c5 4.d5 d6 5.Nc3 exd5 6.cxd5 g6 7.g3 Bg7 8.Bg2 O-O
9.O-O a6 10.a4 Re8 11.Bf4 Ng4 12.h3 Ne5 13.Nxe5 Bxe5 14.Bxe5 Rxe5 15.e4 Nd7
16.f4 Re8 17.e5 dxe5 18.d6 Nf6 19.fxe5 Rxe5 20.Qd2 Bd7 21.g4 Bxg4 22.Rxf6 Qxf6
23.hxg4 Rae8 24.Rd1  1/2-1/2

[Event "III Open"]
[Site "Bajada de la Virgen ESP"]
[Date "2005.06.14"]
[Round "3"]
[White "Villavicencio,A"]
[Black "Mirzoev,A"]
[Result "1/2-1/2"]
[WhiteElo "2333"]
[BlackElo "2545"]

1.d4 Nf6 2.Nf3 e6 3.c4 c5 4.d5 exd5 5.cxd5 d6 6.Nc3 g6 7.e4 a6 8.h3 b5 9.Bd3 Bg7
10.O-O O-O 11.Bf4 Re8 12.Re1 Nh5 13.Be3 Nd7 14.a3 Ne5 15.Be2 Nxf3+ 16.Bxf3 Nf6
17.Bf4 Qb6 18.e5 dxe5 19.Bxe5 Bb7 20.d6 Rad8 21.Bxb7 Qxb7 22.Qd2 Qc6 23.Rad1 Ne4
24.Rxe4 Bxe5 25.Qd5 Qxd5 26.Rxd5 Bxc3 27.Rxe8+ Rxe8 28.bxc3 Rd8 29.Rxc5 Rxd6
30.a4 bxa4 31.Ra5 Kf8 32.Rxa4 Ke7 33.Kf1 Kd7 34.Rf4 f6 35.Ra4 Kc7 36.Ke2 h5
37.h4 Kb6 38.Rb4+ Ka7 39.Ra4 Rd5 40.Ke3 a5 41.c4 Re5+ 42.Kd3 Kb6 43.Ra2 g5
44.hxg5 fxg5 45.Kd4 Rf5 46.f3 h4 47.Ke4 Rc5 48.Kd4 Kc6 49.Re2 Rf5 50.Re6+ Kd7
51.Ra6 Kc7 52.c5 a4 53.Kc4 g4 54.fxg4 Rf4+ 55.Kb5 Rxg4 56.Ra7+ Kb8 57.Rxa4 Rxg2
58.Rxh4 Rg6 59.Rh7  1/2-1/2

[Event "Friendship IM"]
[Site "Cartak CZE"]
[Date "2005.06.19"]
[Round "3"]
[White "Pachta,P"]
[Black "Hodova,L"]
[Result "1/2-1/2"]
[WhiteElo "2159"]
[BlackElo "2085"]

1.d4 Nf6 2.Nf3 c5 3.d5 e6 4.c4 exd5 5.cxd5 d6 6.Nc3 g6 7.e4 Bg7 8.h3 O-O
9.Bd3 b5 10.Bxb5 Nxe4 11.Nxe4 Qa5+ 12.Nfd2 Qxb5 13.Nxd6 Qa6 14.N2c4 Rd8 15.Bf4 Nd7
16.O-O Nb6 17.Nxb6 Qxb6 18.Nxc8 Raxc8 19.Rb1 Qb7 20.Re1 Rxd5 21.Qc2 c4 22.b3 c3
23.Re4 Rd4 24.Rxd4 Bxd4 25.Rd1 Qb6 26.Rd3 Re8 27.Rf3 Qb5 28.Be3 Bg7 29.Rf4 Rd8
30.Rc4 Qh5 31.f3 Qe5 32.Kf2 h5 33.a4 Qe7 34.h4 Qa3 35.Bc1 Qd6 36.Be3 Qa3
37.Bc1 Qd6 38.Be3 Qa3  1/2-1/2

[Event "19th Open Pula"]
[Site "Pula CRO"]
[Date "2005.06.22"]
[Round "5"]
[White "Kveinys,A"]
[Black "Philippe,C"]
[Result "1-0"]
[WhiteElo "2539"]
[BlackElo "2392"]

1.d4 Nf6 2.Nf3 c5 3.d5 e6 4.c4 d6 5.Nc3 exd5 6.cxd5 g6 7.Bg5 Bg7 8.Nd2 O-O
9.e3 h6 10.Bh4 a6 11.a4 Nbd7 12.Be2 Qe7 13.O-O Rb8 14.a5 Ne5 15.h3 b5 16.axb6 Rxb6
17.Qc2 Rb4 18.f4 Ned7 19.e4 Bb7 20.Bc4 Qe8 21.Rae1 Qa8 22.b3 Re8 23.Na2 Rb6
24.Bd3 a5 25.Nc4 Ra6 26.Nc3 Nh7 27.Na3 Rb6 28.Bb5 g5 29.Bxd7 Re7 30.Nc4 Rb4
31.Bf5 gxh4 32.Bxh7+ Kxh7 33.Nxd6 Bd4+ 34.Kh1 Ba6 35.e5+ Kh8 36.Nce4 Qg8
37.Nf5 Reb7 38.Nxd4 Bxf1 39.Rxf1 Rxd4 40.Nf6  1-0

[Event "Friendship GM"]
[Site "Cartak CZE"]
[Date "2005.06.25"]
[Round "9"]
[White "Jirka,J"]
[Black "Simacek,P"]
[Result "0-1"]
[WhiteElo "2383"]
[BlackElo "2421"]

1.d4 Nf6 2.c4 c5 3.d5 e6 4.Nc3 exd5 5.cxd5 d6 6.Nf3 g6 7.g3 Bg7 8.Bg2 O-O
9.O-O Bg4 10.Nd2 Qd7 11.a4 Bh3 12.Nc4 Bxg2 13.Kxg2 Qe7 14.Bf4 Ne8 15.Qd2 Nd7
16.Rfe1 Ne5 17.Bxe5 Bxe5 18.e4 Rd8 19.f4 Bxc3 20.bxc3 f6 21.Re2 b6 22.Qd3 Qb7
23.Kg1 Qa6 24.h4 Ng7 25.Raa2 Rfe8 26.g4 Re7 27.e5 dxe5 28.fxe5 fxe5 29.d6 Qc8
30.Nxe5 Qe6 31.Rad2 Ne8 32.Nxg6 Qxg4+ 33.Rg2 Re1+ 34.Kh2 Qe4 35.Ne7+ Kf7
36.Rdf2+ Nf6 37.Qg3 Rf8 38.Nf5 Qe5 39.Rf4 Nh5 40.Nh6+ Ke6 41.Rxf8 Rh1+ 42.Kxh1 Nxg3+
43.Kg1 Qe1+ 44.Kh2 Nf1+ 45.Kh3 Qxc3+ 46.Kg4 Ne3+ 47.Kh5 Nxg2 48.Ng4 Qg7 49.Rf6+ Qxf6  0-1

[Event "ZS"]
[Site "Brno CZE"]
[Date "2005.06.31"]
[Round "1"]
[White "Szymanski,M"]
[Black "Vymazal,B"]
[Result "1-0"]
[WhiteElo "2422"]
[BlackElo "2192"]

1.d4 Nf6 2.c4 e6 3.Nf3 c5 4.d5 d6 5.Nc3 exd5 6.cxd5 g6 7.h3 a6 8.a4 Qe7 9.Bf4 Nbd7
10.Nd2 Ne5 11.e4 Bg7 12.Be2 O-O 13.O-O Ne8 14.Bg3 f5 15.f4 Nd7 16.exf5 gxf5
17.Nc4 Rb8 18.Re1 Nc7 19.Bd3 Qf6 20.Ne3 Qd4 21.Kh2 Ne5 22.fxe5 f4 23.e6 fxg3+
24.Kh1 Rf2 25.Re2 b5 26.Nf5 Rxf5 27.Bxf5 Bb7 28.axb5 axb5 29.e7 b4 30.Nb5 Qxd1+
31.Rxd1 Ne8 32.Be6+ Kh8 33.Bd7 Ba6 34.Rf1 Bf6 35.Bxe8 Rxe8 36.Rxf6 Bxb5 37.Re3 Kg7
38.Rxd6 Kf7 39.Rb6 Rxe7 40.Rxe7+ Kxe7 41.Rxb5 Kd6 42.Rb7 h5 43.Rh7 c4 44.Rb7 b3
45.Rb5  1-0

[Event "ZS"]
[Site "Brno CZE"]
[Date "2005.07.01"]
[Round "2"]
[White "Mihailovs,J"]
[Black "Kanovsky,D"]
[Result "0-1"]
[WhiteElo "2298"]
[BlackElo "2338"]

1.d4 Nf6 2.c4 e6 3.Nf3 c5 4.d5 exd5 5.cxd5 d6 6.Nc3 g6 7.Bf4 a6 8.e4 Nh5
9.Bg5 f6 10.Be3 Be7 11.Nd2 O-O 12.g4 Ng7 13.Bd3 Nd7 14.f4 f5 15.exf5 Bh4+
16.Kf1 gxf5 17.g5 Bxg5 18.fxg5 f4 19.Bf2 Ne5 20.Nde4 c4 21.Bc2 Bh3+ 22.Ke1 Bg4
23.Qc1 Qe7 24.h3 Bf3 25.Kd2 b5 26.a3 Kh8 27.Qf1 Rab8 28.Bd4 Bxh1 29.Qxh1 Nf5
30.Bf2 a5 31.Nf6 b4 32.axb4 axb4 33.Nd1 c3+ 34.bxc3 Nc4+ 35.Kc1 b3 36.Ra7 Rb7
37.Bxb3 Rxa7 38.Bxa7 Na5 39.Bc2 Ng3 40.Qf3 Ne2+ 41.Kb1 Qb7+ 42.Ka2 Qxa7  0-1

[Event "ZS"]
[Site "Brno CZE"]
[Date "2005.07.03"]
[Round "4"]
[White "Mihailovs,J"]
[Black "Vymazal,B"]
[Result "0-1"]
[WhiteElo "2298"]
[BlackElo "2192"]

1.d4 Nf6 2.c4 e6 3.Nf3 c5 4.d5 d6 5.Nc3 exd5 6.cxd5 g6 7.Bf4 a6 8.e4 Bg4
9.Be2 Bxf3 10.Bxf3 Bg7 11.O-O O-O 12.a4 Qc7 13.Qc2 Nbd7 14.Rfe1 Ne8 15.Bg3 Ne5
16.Be2 g5 17.Nd1 Bf6 18.Ne3 Ng7 19.h3 b5 20.Ng4 Nxg4 21.Bxg4 Qe7 22.Qe2 Be5
23.Ra3 c4 24.Bf5 Rab8 25.h4 Bxg3 26.Rxg3 Nxf5 27.exf5 Qxe2 28.Rxg5+ Kh8 29.Rxe2 bxa4
30.Rg4 Rb4 31.f6 a5 32.Rge4 h6 33.Re7 h5 34.Rd7 Kh7 35.Rxd6 Rfb8 36.Re7 Kg6
37.Rdd7 Rxb2 38.Rxf7 a3 39.Rde7 Rg8  0-1

[Event "4th Open"]
[Site "La Fere FRA"]
[Date "2005.07.05"]
[Round "5"]
[White "Grooten,H"]
[Black "Ruest,O"]
[Result "1/2-1/2"]
[WhiteElo "2376"]
[BlackElo "2090"]

1.d4 Nf6 2.c4 c5 3.d5 e6 4.Nc3 exd5 5.cxd5 d6 6.Nf3 g6 7.Nd2 Bg7 8.e4 O-O
9.Be2 Na6 10.O-O Ne8 11.Kh1 Nac7 12.a4 b6 13.Nc4 f5 14.f4 fxe4 15.Nxe4 Bf5
16.Bf3 Rb8 17.Nf2 Bd7 18.Ra2 a6 19.Re1 b5 20.axb5 axb5 21.Na5 Rb6 22.Ne4 Ra6
23.Nc6 Bxc6 24.Rxa6 Bxd5 25.Rb6 Qa8 26.Nxd6 Bxf3 27.Qxf3 Qa5 28.Qb3+ Kh8
29.Re7 Qxb6 30.Nf7+ Rxf7 31.Qxf7 Qd6 32.h4 Qf6 33.Rxe8+ Nxe8 34.Qxe8+ Bf8
35.g3 Qe7 36.Qxe7 Bxe7 37.Kg2 Kg7 38.Kf3 Kf6 39.Ke4 Ke6 40.h5 Bf6 41.g4 c4
42.f5+ gxf5+ 43.gxf5+ Kd6 44.Bf4+ Ke7 45.Bc1 Kd6 46.Bf4+ Ke7 47.Be5 b4 48.Bxf6+ Kxf6
49.Kd4 c3 50.bxc3 bxc3 51.Kxc3  1/2-1/2

[Event "34th TCh-GRE"]
[Site "Ermioni Argolidas GRE"]
[Date "2005.07.06"]
[Round "3"]
[White "Dimitrov,A"]
[Black "Mastrovasilis,A"]
[Result "0-1"]
[WhiteElo "2298"]
[BlackElo "2495"]

1.d4 Nf6 2.Nf3 e6 3.c4 c5 4.d5 d6 5.Nc3 exd5 6.cxd5 g6 7.g3 Bg7 8.Bg2 O-O
9.O-O a6 10.a4 Nbd7 11.Ra2 Re8 12.b3 Rb8 13.Bb2 b5 14.axb5 axb5 15.Nd2 Qe7
16.Re1 Ng4 17.e3 Nde5 18.Qe2 c4 19.bxc4 bxc4 20.Nxc4 Nxc4 21.Qxc4 Bf5 22.Nd1 Rec8
23.Qa6 Bxb2 24.Rxb2 Rxb2 25.Nxb2 Nxf2 26.Kxf2 Rc2+ 27.Kg1 Rxb2 28.Qa8+ Kg7
29.Qa4 Qe5 30.Qf4 Qc3 31.Rf1 Qd2 32.Rf2 Qd1+ 33.Rf1 Qd2 34.Qf2 Qxf2+ 35.Rxf2 Rb1+
36.Rf1 Kf6 37.e4 Rxf1+ 38.Kxf1 Bg4 39.Kf2 Ke5 40.Ke3 Bd1 41.h4 h6 42.Bf1 Bc2
43.Bg2 f5 44.exf5 Bxf5 45.Bf3 Bc2 46.Bg2 Bb3 47.Be4 g5 48.hxg5 hxg5 49.Bh7 Bxd5
50.Bc2 Bg2 51.Bb1 Bh3 52.Bc2 Bf5 53.Bb3 Bb1 54.Kf3 Be4+ 55.Ke3 d5 56.Bd1 Bb1
57.Bf3 Bc2 58.Bg4 Bb3 59.Bf3 Bc4 60.Bg2 g4 61.Kd2 Kd4 62.Bh1 Bf1 63.Ke1 Bd3  0-1

[Event "DMP 1st League"]
[Site "Koszalin POL"]
[Date "2005.07.06"]
[Round "2"]
[White "Bobula,M"]
[Black "Majdan,J"]
[Result "1/2-1/2"]
[WhiteElo "2164"]
[BlackElo "2219"]

1.d4 Nf6 2.c4 e6 3.Nf3 c5 4.d5 exd5 5.cxd5 d6 6.Nc3 g6 7.e4 Bg7 8.Bd3 O-O
9.h3 a6 10.a4 Re8 11.O-O Nh5 12.Bg5 Bf6 13.Be3 Nd7 14.Nd2 Qe7 15.a5 b5 16.axb6 Nxb6
17.Qc2 Be5 18.f4 Bxc3 19.bxc3 Nxd5 20.Rae1 Nxe3 21.Rxe3 d5 22.g4 Ng7 23.Rfe1 Qf6
24.exd5 Rxe3 25.Rxe3 Qxf4 26.Nc4 h5 27.Qf2 Qxf2+ 28.Kxf2 Bb7 29.Re7 Bxd5
30.Nb6 Rd8 31.Nxd5 Rxd5 32.Bc4 Rd2+ 33.Ke1 Rc2 34.Bxf7+ Kh7 35.gxh5 gxh5
36.Bxh5 Rxc3 37.Bg4 c4 38.Kd2 Rd3+ 39.Kc2 Kg6 40.Rc7 Rd4 41.Rc6+ Kg5 42.Kc3 Rf4
43.Rxa6 Nf5 44.Ra5 Kf6 45.Ra8 Ne3 46.Rf8+ Kg5 47.Rxf4 Kxf4  1/2-1/2

[Event "Open"]
[Site "Barbera del Valles ESP"]
[Date "2005.07.09"]
[Round "6"]
[White "Garcia Roman,D"]
[Black "Gonzalez,Y"]
[Result "1/2-1/2"]
[WhiteElo "2390"]
[BlackElo "2495"]

1.d4 Nf6 2.c4 e6 3.Nf3 c5 4.d5 exd5 5.cxd5 d6 6.Nc3 g6 7.e4 Bg7 8.h3 O-O
9.Bd3 b5 10.Bxb5 Nxe4 11.Nxe4 Qa5+ 12.Nfd2 Qxb5 13.Nxd6 Qa6 14.N2c4 Nd7 15.O-O Nb6
16.Nxb6 Qxb6 17.Nxc8 Raxc8 18.Rb1 c4 19.Qf3 Rfd8 20.Rd1 Qa6 21.a3 Rb8 22.Bg5 Rd7
23.Qf4 Qb5 24.a4 Qb3 25.Bf6 Bxf6 26.Qxf6 Qxa4 27.d6 Qb4 28.Rbc1 Qxb2 29.Qxb2 Rxb2
30.Rxc4 Rb6 31.Rc7 Rdxd6 32.Rxd6 Rxd6 33.Rxa7  1/2-1/2

[Event "Open"]
[Site "Barbera del Valles ESP"]
[Date "2005.07.11"]
[Round "8"]
[White "Carstensen,J"]
[Black "Asensio Linan,T"]
[Result "1/2-1/2"]
[WhiteElo "2324"]
[BlackElo "2228"]

1.d4 Nf6 2.c4 e6 3.Nf3 c5 4.d5 exd5 5.cxd5 d6 6.Nc3 g6 7.e4 Bg7 8.Be2 O-O
9.O-O Re8 10.Nd2 Nbd7 11.h3 Re7 12.Re1 Ne8 13.a4 Nc7 14.Nc4 Ne5 15.Ne3 Na6
16.f4 Nd7 17.Bf3 Nb4 18.Nb5 Nf6 19.Nc4 Nfxd5 20.exd5 Rxe1+ 21.Qxe1 Nc2 22.Qd1 Nxa1
23.Bd2 a6 24.Nbxd6 Bd4+ 25.Kh1 b5 26.Nxf7 Kxf7 27.Ne5+ Kg7 28.Nc6 Qh4 29.Nxd4 Bxh3
30.Be1 Qh6 31.gxh3 Qxh3+ 32.Kg1 cxd4 33.Qxd4+ Kh6 34.Bg2 Nc2 35.Qf6 Qg4 36.d6 Nxe1
37.Qg5+ Qxg5 38.fxg5+ Kxg5 39.Bxa8 Kf6 40.axb5 axb5 41.Be4 Ke6 42.Kf2 Kxd6
43.Kxe1 Ke5 44.Bd3 b4 45.Bc2 Kd4 46.Kf2 Kc4 47.Kg3 h6 48.Kg4 g5 49.Kh5 Kd4
50.b3 Kc3 51.Bd1 Kb2 52.Kg4 Kc3 53.Kf5 Kb2 54.Kg4 Kc3 55.Kh5 Kb2  1/2-1/2

[Event "Aegean Open"]
[Site "Kirykos GRE"]
[Date "2005.07.18"]
[Round "7"]
[White "Klokas,K"]
[Black "Kakkanas,E"]
[Result "1-0"]
[WhiteElo "2258"]
[BlackElo "2085"]

1.d4 Nf6 2.c4 e6 3.Nf3 c5 4.d5 exd5 5.cxd5 d6 6.Nc3 g6 7.e4 Bg7 8.Be2 O-O
9.O-O Na6 10.h3 Nc7 11.Bf4 Nh5 12.Bh2 Bh6 13.e5 Bf4 14.Ne4 dxe5 15.d6 Ne6
16.Nxe5 Bxh2+ 17.Kxh2 Nf6 18.Nxf6+ Qxf6 19.Ng4 Qd4 20.d7 Bxd7 21.Qxd4 Nxd4
22.Nf6+ Kg7 23.Nxd7 Rfd8 24.Bg4 f5 25.Nxc5 fxg4 26.hxg4 b6 27.Ne4 Rac8 28.Rac1 Ne2
29.Rxc8 Rxc8 30.Rd1 Rc7 31.Rd2 Nf4 32.g3 Ne6 33.f4 Kf8 34.f5 Nc5 35.Nc3 Rf7
36.Rd5 Ke7 37.b4 Nd7 38.Ne4 Nf6 39.Re5+ Kd7 40.Nxf6+ Rxf6 41.fxg6 hxg6 42.a4 Kd6
43.Re4 Kd5 44.Rf4 Re6 45.Kh3 Re4 46.Kh4 Re5 47.Rf7 a5 48.bxa5 bxa5 49.Rb7 Kc6
50.Rg7 Kc5 51.Rxg6 Kb4 52.Rb6+ Kxa4 53.g5 Re4+ 54.Kh5 Rb4 55.Rxb4+ axb4 56.g6 b3
57.g7  1-0

[Event "MTO Open"]
[Site "Biel SUI"]
[Date "2005.07.24"]
[Round "6"]
[White "Raetsky,A"]
[Black "Huhndorf,A"]
[Result "1-0"]
[WhiteElo "2453"]
[BlackElo "2296"]

1.d4 Nf6 2.c4 c5 3.d5 e6 4.Nc3 exd5 5.cxd5 d6 6.Nf3 g6 7.Bg5 h6 8.Bh4 Bg7
9.e3 a6 10.a4 g5 11.Bg3 Nh5 12.Nd2 Nxg3 13.hxg3 Nd7 14.Qc2 Ne5 15.Be2 O-O
16.a5 Rb8 17.O-O f5 18.f4 gxf4 19.gxf4 Ng4 20.Bxg4 fxg4 21.g3 Bf5 22.e4 Bd7
23.Kg2 h5 24.Rh1 h4 25.Nc4 Bb5 26.Nxb5 axb5 27.Ne3 h3+ 28.Kh2 Qd7 29.Qe2 Rbe8
30.Nxg4 Bxb2 31.Rab1 Bg7 32.Rxb5 c4 33.Rbb1 c3 34.Kxh3 Qa4 35.Nf2 Qxa5 36.Rxb7 Qc5
37.Kg2 Rf7 38.Rxf7 Kxf7 39.Qh5+ Kf8 40.Qf5+ Kg8 41.Ng4 Qd4 42.Nh6+ Bxh6 43.Qg6+ Kf8
44.Qxh6+ Kf7 45.Qh7+ Kf8 46.Qf5+ Kg8 47.Qg6+ Kf8 48.Qxd6+  1-0

[Event "Open Dutch Championship"]
[Site "Dieren NED"]
[Date "2005.07.27"]
[Round "2"]
[White "Verholt,G"]
[Black "Galje,H"]
[Result "1/2-1/2"]
[WhiteElo "2093"]
[BlackElo "2175"]

1.d4 Nf6 2.c4 e6 3.Nf3 c5 4.d5 exd5 5.cxd5 d6 6.Nc3 g6 7.h3 Bg7 8.Bf4 O-O
9.e3 a6 10.a4 Nh5 11.Bh2 f5 12.Be2 f4 13.e4 Nd7 14.Nd2 Ne5 15.Nf3 Nxf3+ 16.Bxf3 Qg5
17.Qd2 Qe5 18.a5 Bd7 19.Bg4  1/2-1/2

[Event "Open Dutch Championship"]
[Site "Dieren NED"]
[Date "2005.07.29"]
[Round "4"]
[White "Turov,M"]
[Black "Hoeksema,E"]
[Result "1-0"]
[WhiteElo "2527"]
[BlackElo "2406"]

1.d4 Nf6 2.c4 e6 3.Nf3 c5 4.d5 exd5 5.cxd5 d6 6.Nc3 g6 7.Bf4 Bg7 8.Qa4+ Bd7
9.Qb3 Qc7 10.e4 O-O 11.Bd3 Na6 12.O-O Nh5 13.Be3 Rab8 14.a3 Qa5 15.a4 Nb4
16.Be2 Bg4 17.Nb5 Rbd8 18.Rac1 b6 19.h3 Bxf3 20.Bxf3 a6 21.Na7 Ra8 22.Nc6 Nxc6
23.dxc6 b5 24.Bxh5 gxh5 25.Bf4 c4 26.Qg3 Kh8 27.Bxd6 Rg8 28.e5 Bh6 29.Qc3 Qb6
30.Qf3 Bxc1 31.Rxc1 Rg7 32.axb5 axb5 33.c7 Rag8 34.Ra1 Rxg2+ 35.Qxg2 Rxg2+
36.Kxg2 Qc6+ 37.Kh2 h4 38.Rd1 h5 39.e6 fxe6 40.Kg1 Kh7 41.Be5 Qc5 42.Bf4 e5
43.Bxe5 b4 44.Rd7+ Kg6 45.Rd8 Qxe5 46.c8=Q Qe1+ 47.Kg2 Qe4+ 48.Kf1 Qb1+ 49.Ke2 Qe4+
50.Kd2 Qf4+ 51.Kd1 Qf3+ 52.Kc1  1-0

[Event "USCL"]
[Site "ICC INT"]
[Date "2005.08.08"]
[Round "3"]
[White "Enhbat,T"]
[Black "Boor,C"]
[Result "1-0"]
[WhiteElo "2391"]
[BlackElo "2245"]

1.d4 Nf6 2.Nf3 e6 3.c4 c5 4.d5 d6 5.Nc3 exd5 6.cxd5 g6 7.e4 a6 8.a4 Bg4 9.Be2 Bxf3
10.Bxf3 Bg7 11.O-O O-O 12.Bf4 Ne8 13.Qd2 Nd7 14.Bh6 Nef6 15.Bxg7 Kxg7 16.Rab1 Qa5
17.Be2 Rfe8 18.f3 Rab8 19.Kh1 Qb4 20.Qc2 h5 21.Na2 Qd4 22.b4 h4 23.b5 Ne5
24.Rbd1 Qe3 25.Nc3 Qh6 26.f4 Neg4 27.Qd3 Qh8 28.Qh3 Nh6 29.Bf3 Nhg8 30.Rde1 Qh6
31.e5 Nh7 32.Bd1 Ne7 33.Bc2 Rbd8 34.exd6 Rxd6 35.Qe3 Nf6 36.Qxc5 Rd7 37.d6 Rc8
38.Qe5 Ng8 39.Be4 Re8 40.Qc5 Re6 41.Bxb7 Rxb7 42.Rxe6 fxe6 43.bxa6 Rf7 44.a7 Nh5
45.a8=Q Ng3+ 46.Kg1 Ne2+ 47.Nxe2  1-0